Statistics for 5 Seconds Of Summer

Click here to take the quiz!

General Stats

  • This quiz has been taken 1,154 times
  • The average score is 13 of 13

Answer Stats

HintAnswer% Correct
How many members are there?4
100%
Who has a lip pearcing?Luke
100%
Which member is the youngest?Luke
100%
Luke _______Hemmings
99%
Calum _______Hood
99%
What's a common nickname for the band?5SOS
98%
Where is the band from?Australia
98%
Micahel ________Clifford
98%
What instrument does Ashton play?drums
98%
Asthon ________Irwin
98%
Which band member colors his hair?Michael
98%
When were they created?2011
97%
Who did 5sos recently tour with?One Direction
94%

Score Distribution

Percentile by Number Answered

Percent of People with Each Score

Your Score History

You have not taken this quiz